00626nam a2200217Ia 4500003000400000005001700004008004100021020001800062040000700080041000800087082001700095100002400112245002000136260003200156300000900188650002200197700002500219942001300244999001900257952013200276OSt20250823103315.0250729s1900 xx 000 0 und d a9788176487719 cAL aeng a371.333 KHAS aKhan Sharif9222001 aSchool teaching aNew DelhibA P H Publishing a107p aEducation9222002 aMohamad Syed9222003 2ddccBED c235261d235261 00104070aALbALd2025-07-29eSita Book Houseg100.00l0o371.333 KHASpBED00580r2025-07-29 16:53:51v100.00w2025-07-29yBK